Hasil ternakan

Bibliographic Details
Main Author: Faridah Taib
Format: Book
Published: Petaling Jaya : Penerbit Pinang , 1995
Subjects:

MARC

LEADER 00000cam a2200000 7i4500
001 0000008834
002 000009632
005 20011113.0
020 |a 9830550206 
090 0 0 |a 338.09595   |b FAR 
100 0 |a Faridah Taib 
245 1 0 |a Hasil ternakan   |c Faridah Taib 
260 |a Petaling Jaya :   |b Penerbit Pinang ,   |c 1995 
300 |a 32 p. ;   |c 25 cm. 
650 0 0 |a Juvenile literature 
999 |a 052697   |b BUKU   |c PINJAMAN   |e PERPUSTAKAAN KOMUNITI PETALING JAYA